1934 1927 1238 1523 1461 1882 1997 1524 1859 1877 1610 1737 1401 1279 1011 1812 1321 1125 1388 1737 1384 1452 1807 1994 1408 1980 1785 1884 1814 1569 1617 1771 1119 1497 1544 1356 1854 1309 1785 1325 1172 1210 1020 1143 1257 1659 1093 1813 1325 1721 1544 1798 1886 1057 1408 1862 1686 1539 1166 1540 1394 1297 1629 1701 1420 1824 1499 1362 1727 1053 1802 1716 1988 1194 1936 1577 1934 1818 1985 1517 1941 1369 1961 1823 1150 1822 1793 1440 1791 1934 1368 1056 1385 1865 1394 1775 1721 1774 1875 BCNSPRNW ULIB Ver.6.0+V

เปลี่ยนเป็นภาษาไทย

Change to English
 แสดงรายละเอียดบรรณานุกรม
  กลับหน้าหลัก

Brief Record : Get Marc (ISO 2709) : E-mail record : QR code < ปิดหน้าต่าง
LEADER : 00000nam 2200000uu 4500
001    13399121439
003     ULIB
008    111207s2549||||th 000 0 tha d
020    ^a9789749454978
020    9749454979
090    ^aนว.^bช543ว
100 0  ^aเนตรนภัส
245 00 ^aดวงตะวันแห่งรัก/^cเนตรนภัส
250    ^aพิมพ์ครั้งที่ 1
260    ^aกรุงเทพฯ :^bปริ๊นเซส,^c2549
300    ^a344 หน้า
710 1  ^aปริ๊นเซส
945    ^p190^l0^i24586
995    ^aทศพร
999 ^a ทศพร
รายการนี้ยังไม่มีแท็ก
คุณยังไม่ได้ล็อกอิน คุณสามารถมีกิจกรรมร่วมกับเว็บไซต์ได้ แต่ต้องล็อกอินก่อน ::
  ล็อกอิน

รายการสื่อสารสนเทศ

ลำดับที่ ประเภท เลขเรียก/บาร์โค้ด สถานที่ สถานะ
1. นวนิยาย
นวนิยาย
นว. ช543ว ฉ.1 
  Barcode: 24586
ห้องสมุดวิทยาเขตสวรรค์ประชารักษ์
►นวนิยาย
บนชั้น
  ขอยืม

BibComment


ยังไม่เคยถูกคอมเมนท์

คอมเมนท์ทรัพยากรรายการนี้
  คอมเมนท์: ดวงตะวันแห่งรัก ..


 Copyright 2026. Bcnsprnw @Library